Analysis and design of electronic circuits

Uloženo v:
Podrobná bibliografie
Hlavní autor: Chirlian, Paul M.
Médium: Kniha
Jazyk:English
Vydáno: New York, McGraw-Hill 1965
Edice:McGraw-Hill electrical and electronic engineering series
Tagy: Přidat tag
Žádné tagy, Buďte první, kdo vytvoří štítek k tomuto záznamu!

MARC

LEADER 00000nam a2200000Ia 4500
003 000578
005 20221231143943.0
008 140114s1965 nyua 000 ||eng d
040 |c cru CEDI 
082 |a 621.381.5 Ch514a 
100 |a Chirlian, Paul M.  |9 19184 
245 |a Analysis and design of electronic circuits 
260 |a New York, McGraw-Hill  |c 1965 
300 |a 570 páginas; ilustraciones 
440 |a McGraw-Hill electrical and electronic engineering series  |9 18688 
942 |2 ddc  |c BK 
999 |c 14740  |d 14740